| 000 | 00625nam a2200217Ia 4500 | ||
|---|---|---|---|
| 005 | 20260429111923.0 | ||
| 008 | 260429s9999||||xx |||||||||||||| ||und|| | ||
| 020 | _a9780521728768 | ||
| 041 | _aEnglish | ||
| 082 |
_a700.105 _bCUC |
||
| 100 | _aCucker, Felipe | ||
| 245 | 0 |
_aManifold mirrors : _bthe crossing paths of the arts and mathematics / _cFelipe Cucker |
|
| 250 | _a1st ed. | ||
| 260 |
_aNew York : _bCambridge University Press, _c2013. |
||
| 300 | _ax, 415 p.; pbk | ||
| 650 | _a Art and mathematics | ||
| 650 | _a Geometry | ||
| 650 | _a Interdisciplinary studies | ||
| 650 | _aMathematics | ||
| 942 | _cTB | ||
| 999 |
_c51434 _d51434 |
||